New York - Choix Multiples - Statistiques

Statistiques générales
  • Ce quiz a été pris 7 917 fois
    7 603 depuis la dernière actualisation
  • Le résultat moyen est 7 sur 10
Statistiques - réponses
Question Réponse % Correct
Sur quelle rue se situe la Bourse de New York ? Wall Street
98%
Quel type d'établissement ayant fait sa renommée trouve-t-on en nombre sur l'avenue de Broadway ? Des théâtres
91%
Parmi les 4 images suivantes, laquelle représente l'Empire State Building ?
85%
Pourquoi la Statue de la Liberté est-elle verte ? Le métal dont elle est composée s'est oxydé avec le temps
79%
Sous quel nom fut fondée la ville en 1625 ? Nieuw-Amsterdam
77%
De quelle organisation internationale New York abrite-t-elle le siège ? L'ONU
75%
Quel célèbre réalisateur originaire de la ville l'a mise en scène dans de nombreux films comme Taxi Driver, Mean Streets ou Les Affranchis ? Martin Scorsese
59%
Lequel de ces rappeurs est originaire de New York ? Jay-Z
58%
Qu'est-ce qui n'a pas lieu à New York chaque année ? Le plus grand carnaval des États-Unis
52%
En combien d'arrondissements la ville est-elle divisée ? 5
47%
Aucun quiz correspondant
Distribution des résultats
% des personnes avec chaque résultat
Percentile par nombre de réponses
Votre historique - résultats
Vous n’avez pas pris ce quiz depuis la dernière actualisation